[Event "Madrid ch Veteranos 2324"]
[Site "Madrid ESP"]
[Date "2024.03.11"]
[Round "1.1"]
[White "Candela Perez, Jose"]
[Black "Garcia Galeote, Lorenzo"]
[Result "1-0"]
[WhiteElo "2301"]
[BlackElo "1860"]
[PlyCount "83"]
[EventDate "2024.03.11"]
[EventType "swiss"]
[EventRounds "9"]
[EventCountry "ESP"]
[SourceTitle "Ajedrez en Madrid"]
[Source "lmi"]
[SourceDate "2024.03.11"]
[SourceVersion "1"]
[SourceVersionDate "2024.03.23"]
[SourceQuality "1"]

1. d4 d5 2. c4 c5 3. cxd5 Qxd5 4. Nf3 cxd4 5. Nc3 Qa5 6. Nxd4 Nf6 7. g3 e5 8.
Nb3 Qc7 9. Bg2 Be7 10. Bg5 O-O 11. O-O Be6 12. Rc1 Nc6 13. Bxf6 gxf6 14. Nd5
Bxd5 15. Qxd5 Rfd8 16. Qc4 Rd6 17. Qg4+ Kh8 18. Qh5 Qc8 19. Bxc6 Rxc6 20. Rxc6
Qxc6 21. Qxf7 Qe8 22. Qe6 Rd8 23. Rc1 Qd7 24. Qf7 Rf8 25. Qc4 Rd8 26. Kg2 b6
27. e4 Qb7 28. Re1 Kg7 29. Re2 Rc8 30. Qe6 Rc6 31. Qd5 Qc7 32. Qd3 a5 33. Nd2
Rc1 34. Nf1 Bc5 35. g4 Qc8 36. Qf3 Bd4 37. Ng3 Qc6 38. Nh5+ Kf7 39. g5 Rc2 40.
Nxf6 Rxe2 41. Qxe2 Qc1 42. Qh5+ 1-0

[Event "Madrid ch Veteranos 2324"]
[Site "Madrid ESP"]
[Date "2024.03.11"]
[Round "1.2"]
[White "Bermudez Melero, Fernando"]
[Black "Longa Yauca, Javier"]
[Result "0-1"]
[WhiteElo "1840"]
[BlackElo "2238"]
[PlyCount "50"]
[EventDate "2024.03.11"]
[EventType "swiss"]
[EventRounds "9"]
[EventCountry "ESP"]
[SourceTitle "Ajedrez en Madrid"]
[Source "lmi"]
[SourceDate "2024.03.11"]
[SourceVersion "1"]
[SourceVersionDate "2024.03.23"]
[SourceQuality "1"]

1. d4 Nf6 2. Bf4 d6 3. Nf3 g6 4. Nc3 Bg7 5. Qd2 h6 6. e4 g5 7. Bg3 Nh5 8. O-O-O
c6 9. Be2 b5 10. e5 d5 11. Kb1 Kf8 12. e6 Bxe6 13. Ne5 Nxg3 14. fxg3 Qc7 15.
Bh5 Nd7 16. Rhf1 Nf6 17. Qe2 Kg8 18. Ng6 Rh7 19. g4 b4 20. Na4 Ne4 21. Nc5 Nxc5
22. dxc5 Bf6 23. Rxf6 exf6 24. Rf1 Kg7 25. Qf3 Qd8 0-1

[Event "Madrid ch Veteranos 2324"]
[Site "Madrid ESP"]
[Date "2024.03.11"]
[Round "1.3"]
[White "Grabuzova, Tatiana"]
[Black "Serrano Garcia, Vicente"]
[Result "1-0"]
[WhiteElo "2216"]
[BlackElo "1836"]
[PlyCount "49"]
[EventDate "2024.03.11"]
[EventType "swiss"]
[EventRounds "9"]
[EventCountry "ESP"]
[SourceTitle "Ajedrez en Madrid"]
[Source "lmi"]
[SourceDate "2024.03.11"]
[SourceVersion "1"]
[SourceVersionDate "2024.03.23"]
[SourceQuality "1"]

1. Nf3 Nf6 2. g3 g6 3. Bg2 Bg7 4. O-O d5 5. d4 O-O 6. c4 c6 7. cxd5 cxd5 8. Ne5
Nc6 9. Nc3 e6 10. Nxc6 bxc6 11. Bf4 a5 12. Na4 Qe7 13. Rc1 Bd7 14. Be5 Rfc8 15.
Nb6 Be8 16. Nxc8 Rxc8 17. Qa4 Qa7 18. b4 Ra8 19. Qxa5 Qb7 20. Qc7 Qxc7 21. Bxc7
Rxa2 22. Ra1 Rxa1 23. Rxa1 Bd7 24. Ra8+ Ne8 25. Rd8 1-0

[Event "Madrid ch Veteranos 2324"]
[Site "Madrid ESP"]
[Date "2024.03.11"]
[Round "1.4"]
[White "Barahona Torrijos, Angel"]
[Black "Barraza Caracuel, Ignacio"]
[Result "0-1"]
[WhiteElo "1833"]
[BlackElo "2049"]
[PlyCount "86"]
[EventDate "2024.03.11"]
[EventType "swiss"]
[EventRounds "9"]
[EventCountry "ESP"]
[SourceTitle "Ajedrez en Madrid"]
[Source "lmi"]
[SourceDate "2024.03.11"]
[SourceVersion "1"]
[SourceVersionDate "2024.03.23"]
[SourceQuality "1"]

1. e4 e5 2. Nf3 Nc6 3. Nc3 g6 4. d4 exd4 5. Nd5 Bg7 6. Bg5 f6 7. Bf4 d6 8. Nxd4
Nge7 9. Bb5 O-O 10. Nxc6 Nxc6 11. Bc4 Kh8 12. Qd2 Re8 13. f3 f5 14. Bg5 Ne7 15.
Nxe7 Rxe7 16. Bxe7 Qxe7 17. O-O Bd7 18. Rae1 Qe5 19. exf5 Qc5+ 20. Kh1 Qxc4 21.
b3 Qf7 22. fxg6 hxg6 23. Re4 Bf6 24. Rfe1 Kg7 25. g4 Bc6 26. Rf4 Qd5 27. Qxd5
Bxd5 28. Kg2 Be5 29. Rb4 Bc3 30. Rxb7 Bxe1 31. Rxc7+ Kg8 32. c4 Bf7 33. Rd7 Bb4
34. Kg3 a5 35. h4 Re8 36. Ra7 d5 37. cxd5 Bxd5 38. a3 Bd6+ 39. f4 Re3+ 40. Kf2
Bc5 41. Rxa5 Bb6 42. Rxd5 Rd3+ 43. Ke2 Rxd5 0-1

[Event "Madrid ch Veteranos 2324"]
[Site "Madrid ESP"]
[Date "2024.03.11"]
[Round "1.5"]
[White "Prada Lopez, Miguel Angel"]
[Black "Hernandez Gutierrez, Jose"]
[Result "1/2-1/2"]
[WhiteElo "2048"]
[BlackElo "1825"]
[PlyCount "48"]
[EventDate "2024.03.11"]
[EventType "swiss"]
[EventRounds "9"]
[EventCountry "ESP"]
[SourceTitle "Ajedrez en Madrid"]
[Source "lmi"]
[SourceDate "2024.03.11"]
[SourceVersion "1"]
[SourceVersionDate "2024.03.23"]
[SourceQuality "1"]

1. b3 Nf6 2. Bb2 e6 3. Nf3 Be7 4. e3 b6 5. c4 Bb7 6. Qc2 c5 7. Be2 Nc6 8. a3
Qc7 9. Nc3 a6 10. O-O O-O 11. Rac1 Rac8 12. Rfd1 Rfd8 13. d4 cxd4 14. exd4 d5
15. cxd5 Nxd5 16. Nxd5 Rxd5 17. Qe4 Qb8 18. Bc4 Rf5 19. Qe2 Na5 20. Ne5 Nxc4
21. bxc4 Rd8 22. Rd3 Rg5 23. Rg3 Rxg3 24. hxg3 Bf6 1/2-1/2

[Event "Madrid ch Veteranos 2324"]
[Site "Madrid ESP"]
[Date "2024.03.11"]
[Round "1.6"]
[White "Martin-Consuegra Barrilero, Javi"]
[Black "Herrero Reques, Sergio"]
[Result "1/2-1/2"]
[WhiteElo "1825"]
[BlackElo "2008"]
[PlyCount "94"]
[EventDate "2024.03.11"]
[EventType "swiss"]
[EventRounds "9"]
[EventCountry "ESP"]
[SourceTitle "Ajedrez en Madrid"]
[Source "lmi"]
[SourceDate "2024.03.11"]
[SourceVersion "1"]
[SourceVersionDate "2024.03.23"]
[SourceQuality "1"]

1. d4 Nf6 2. Bg5 d5 3. Bxf6 exf6 4. e3 Bf5 5. Nd2 Bd6 6. g3 O-O 7. Bg2 c6 8.
Ne2 Na6 9. c3 Qd7 10. O-O Rfe8 11. Re1 Bh3 12. Bh1 h5 13. Nf4 Bxf4 14. gxf4 g6
15. Bf3 Kg7 16. Kh1 Qf5 17. Qb1 Qd7 18. Rg1 Rh8 19. Qd3 Bg4 20. Rae1 Nc7 21.
Qe2 f5 22. Qf1 Qe7 23. Qg2 Ne8 24. h3 Qh4 25. Kh2 Nf6 26. Qg3 Qxg3+ 27. fxg3
Bxf3 28. Nxf3 Rae8 29. Kg2 Re7 30. Re2 a5 31. Rge1 Ne4 32. Nd2 Nd6 33. h4 Rhe8
34. Kf3 a4 35. a3 b5 36. Rc1 Rb8 37. Rc2 Rbe8 38. Rc1 Nc4 39. Nxc4 bxc4 40. Kg2
Kf6 41. Rg1 Ke6 42. Kh3 f6 43. Rgg2 Rh7 44. Ref2 Rc8 45. Rd2 Kd6 46. Rg1 Rg8
47. Rb1 g5 1/2-1/2

[Event "Madrid ch Veteranos 2324"]
[Site "Madrid ESP"]
[Date "2024.03.11"]
[Round "1.7"]
[White "Gonzalez Rivera, Eduardo"]
[Black "Gimenez Buiza, Fernando"]
[Result "1-0"]
[WhiteElo "1999"]
[BlackElo "1824"]
[PlyCount "46"]
[EventDate "2024.03.11"]
[EventType "swiss"]
[EventRounds "9"]
[EventCountry "ESP"]
[SourceTitle "Ajedrez en Madrid"]
[Source "lmi"]
[SourceDate "2024.03.11"]
[SourceVersion "1"]
[SourceVersionDate "2024.03.23"]
[SourceQuality "1"]

1. e4 c6 2. d4 d5 3. e5 c5 4. c3 Nc6 5. f4 cxd4 6. cxd4 Bf5 7. Nc3 e6 8. Nf3
Bb4 9. Bd3 Nge7 10. O-O O-O 11. Be3 Bxd3 12. Qxd3 Nf5 13. Bf2 a6 14. g4 Nh6 15.
Ng5 g6 16. Qh3 Kg7 17. Nxh7 Rh8 18. Nf6 Be7 19. g5 Nf5 20. Qd3 Rc8 21. Rac1 b5
22. Ne2 Qb6 23. Ng3 Rh3 1-0

[Event "Madrid ch Veteranos 2324"]
[Site "Madrid ESP"]
[Date "2024.03.11"]
[Round "1.8"]
[White "Lopez Heras, Arturo"]
[Black "Martin Rodriguez, Emilio"]
[Result "0-1"]
[WhiteElo "1814"]
[BlackElo "1998"]
[PlyCount "76"]
[EventDate "2024.03.11"]
[EventType "swiss"]
[EventRounds "9"]
[EventCountry "ESP"]
[SourceTitle "Ajedrez en Madrid"]
[Source "lmi"]
[SourceDate "2024.03.11"]
[SourceVersion "1"]
[SourceVersionDate "2024.03.23"]
[SourceQuality "1"]

1. e4 c6 2. d4 d5 3. e5 c5 4. dxc5 Nc6 5. Bb5 Qa5+ 6. Nc3 e6 7. Qg4 h5 8. Bxc6+
bxc6 9. Qa4 Qxa4 10. Nxa4 Ne7 11. Nf3 Ba6 12. b4 Nf5 13. Nb2 Be7 14. Nd3 Bc4
15. O-O a5 16. Bd2 axb4 17. Bxb4 Kd7 18. a3 Rhb8 19. Rad1 Rb5 20. Rfe1 Bxd3 21.
Rxd3 Bxc5 22. c4 Bxb4 23. cxb5 Bxe1 24. bxc6+ Kxc6 25. Nxe1 d4 26. Kf1 Kd5 27.
Nf3 f6 28. exf6 gxf6 29. Nd2 e5 30. f3 Rc8 31. Ne4 Ne3+ 32. Ke2 Nxg2 33. Nxf6+
Ke6 34. Nxh5 Rh8 35. Kf2 Ne3 36. Nf4+ exf4 37. Rxd4 Rxh2+ 38. Ke1 Nc2+ 0-1

[Event "Madrid ch Veteranos 2324"]
[Site "Madrid ESP"]
[Date "2024.03.11"]
[Round "1.9"]
[White "Luque Ibanes, Manuel"]
[Black "Camarero Izquierdo, Juan Carlos"]
[Result "1/2-1/2"]
[WhiteElo "1983"]
[BlackElo "1813"]
[PlyCount "81"]
[EventDate "2024.03.11"]
[EventType "swiss"]
[EventRounds "9"]
[EventCountry "ESP"]
[SourceTitle "Ajedrez en Madrid"]
[Source "lmi"]
[SourceDate "2024.03.11"]
[SourceVersion "1"]
[SourceVersionDate "2024.03.23"]
[SourceQuality "1"]

1. e4 c5 2. Nf3 d6 3. d3 Nc6 4. g3 Bg4 5. h3 Bh5 6. Bg2 Nf6 7. g4 Bg6 8. Nh4 e5
9. Bg5 Be7 10. Nc3 Nd7 11. Nxg6 fxg6 12. Be3 O-O 13. Qd2 Nd4 14. O-O-O b5 15.
Kb1 b4 16. Nd5 a5 17. f4 a4 18. c4 bxc3 19. Qxc3 Rb8 20. Qc4 Kh8 21. Bxd4 exd4
22. Qxa4 Nb6 23. Qc2 Nxd5 24. exd5 Rxf4 25. Rdf1 g5 26. Rf2 Bf6 27. Rhf1 Be5
28. Be4 Qa5 29. h4 Ra8 30. b3 Qd8 31. hxg5 Qxg5 32. Rh1 h6 33. Rxf4 Bxf4 34.
Qe2 Qd8 35. Rf1 g5 36. Rh1 Qf8 37. Bf5 Re8 38. Rxh6+ Qxh6 39. Qxe8+ Kg7 40.
Qe7+ Kh8 41. Qe1 1/2-1/2

[Event "Madrid ch Veteranos 2324"]
[Site "Madrid ESP"]
[Date "2024.03.11"]
[Round "1.10"]
[White "San Segundo Ortiz, Fernando"]
[Black "Ramos Fernandez, Pedro"]
[Result "1/2-1/2"]
[WhiteElo "1813"]
[BlackElo "1981"]
[PlyCount "61"]
[EventDate "2024.03.11"]
[EventType "swiss"]
[EventRounds "9"]
[EventCountry "ESP"]
[SourceTitle "Ajedrez en Madrid"]
[Source "lmi"]
[SourceDate "2024.03.11"]
[SourceVersion "1"]
[SourceVersionDate "2024.03.23"]
[SourceQuality "1"]

1. d4 Nf6 2. Bf4 g6 3. Nc3 Bg7 4. e4 d6 5. f3 Nbd7 6. Qd2 c6 7. O-O-O Qa5 8.
Kb1 h6 9. a3 e5 10. dxe5 dxe5 11. Be3 h5 12. Nd5 Qxd2 13. Nxf6+ Nxf6 14. Rxd2
Be6 15. Ne2 O-O 16. Nc3 Rfc8 17. Be2 Bf8 18. Rhd1 b5 19. Na2 a5 20. Bg5 Nh7 21.
Bd8 b4 22. Bb6 bxa3 23. Rd8 axb2 24. Rxc8 Rxc8 25. Nc3 Bb4 26. Na4 Nf6 27. Rd8+
Rxd8 28. Bxd8 Nd7 29. Kxb2 Nc5 30. Nxc5 Bxc5 31. Bxa5 1/2-1/2

[Event "Madrid ch Veteranos 2324"]
[Site "Madrid ESP"]
[Date "2024.03.11"]
[Round "1.11"]
[White "Unciti Juan, Javier"]
[Black "Lobato Palomo, Manuel Angel"]
[Result "1-0"]
[WhiteElo "1959"]
[BlackElo "1804"]
[PlyCount "51"]
[EventDate "2024.03.11"]
[EventType "swiss"]
[EventRounds "9"]
[EventCountry "ESP"]
[SourceTitle "Ajedrez en Madrid"]
[Source "lmi"]
[SourceDate "2024.03.11"]
[SourceVersion "1"]
[SourceVersionDate "2024.03.23"]
[SourceQuality "1"]

1. e4 e6 2. d4 d5 3. e5 c5 4. c3 Qb6 5. Nf3 Nc6 6. a3 c4 7. Nbd2 Na5 8. Be2 Bd7
9. O-O h6 10. Rb1 O-O-O 11. b4 cxb3 12. c4 dxc4 13. Nxc4 Nxc4 14. Bxc4 Bc6 15.
Bxb3 Kb8 16. Be3 Qa5 17. Nd2 Bd5 18. Bxd5 Qxd5 19. Qa4 Ne7 20. Rb5 Qd7 21. d5
Nc8 22. d6 Bxd6 23. exd6 Qxd6 24. Bf4 Nb6 25. Bxd6+ Rxd6 26. Qf4 1-0

[Event "Madrid ch Veteranos 2324"]
[Site "Madrid ESP"]
[Date "2024.03.11"]
[Round "1.12"]
[White "Perez Hernandez, Alfonso"]
[Black "Pastor Alonso De Prado, Alberto"]
[Result "0-1"]
[WhiteElo "1795"]
[BlackElo "1951"]
[PlyCount "55"]
[EventDate "2024.03.11"]
[EventType "swiss"]
[EventRounds "9"]
[EventCountry "ESP"]
[SourceTitle "Ajedrez en Madrid"]
[Source "lmi"]
[SourceDate "2024.03.11"]
[SourceVersion "1"]
[SourceVersionDate "2024.03.23"]
[SourceQuality "1"]

1. c4 Nf6 2. Nc3 e6 3. e4 d6 4. d4 b6 5. Bd3 Be7 6. Be3 Nbd7 7. h3 O-O 8. Nge2
e5 9. d5 Nc5 10. b4 Nxd3+ 11. Qxd3 a5 12. bxa5 Rxa5 13. O-O Nd7 14. Ng3 Bg5 15.
f4 exf4 16. Bxf4 Bxf4 17. Rxf4 Ne5 18. Qf1 Ra3 19. Nge2 Ba6 20. Nb5 Ra4 21. Qd1
Rxc4 22. Qb3 Bxb5 23. Qxb5 Qe7 24. Raf1 Qd7 25. Qb3 Qa4 26. Qg3 Rc2 27. R1f2
Qxa2 28. Qe3 0-1

[Event "Madrid ch Veteranos 2324"]
[Site "Madrid ESP"]
[Date "2024.03.11"]
[Round "1.13"]
[White "Sanchez Garcia, Aurelio"]
[Black "Rodriguez Rodriguez, Ricardo"]
[Result "1/2-1/2"]
[WhiteElo "1951"]
[BlackElo "1786"]
[PlyCount "116"]
[EventDate "2024.03.11"]
[EventType "swiss"]
[EventRounds "9"]
[EventCountry "ESP"]
[SourceTitle "Ajedrez en Madrid"]
[Source "lmi"]
[SourceDate "2024.03.11"]
[SourceVersion "1"]
[SourceVersionDate "2024.03.23"]
[SourceQuality "1"]

1. Nf3 d5 2. e3 Nf6 3. c4 c6 4. Nc3 Bg4 5. Qb3 Qb6 6. Ne5 Qxb3 7. axb3 e6 8.
Nxg4 Nxg4 9. f3 Nf6 10. d4 Bb4 11. Bd2 Nbd7 12. Bd3 O-O 13. g4 Rfe8 14. g5 Nh5
15. f4 g6 16. Ne2 Bd6 17. c5 Bc7 18. b4 Kg7 19. b5 f6 20. h4 Kf7 21. gxf6 Nhxf6
22. Ng3 h5 23. Ke2 Rec8 24. Ra2 cxb5 25. Bxb5 Nb8 26. b4 Bd8 27. Bd3 a6 28. b5
a5 29. Kf3 Nfd7 30. Ne2 Nf6 31. Nc3 Nbd7 32. Be1 b6 33. c6 Nf8 34. Na4 Bc7 35.
Bg3 Rab8 36. Nc3 N8h7 37. Rg1 Ng4 38. e4 Nhf6 39. exd5 Nxd5 40. Nxd5 exd5 41.
f5 Bxg3 42. fxg6+ Kg7 43. Kxg3 Re8 44. Re2 Rxe2 45. Bxe2 Nf6 46. Kf4 a4 47. Kg5
Ne4+ 48. Kxh5 Rh8+ 49. Kg4 Kxg6 50. Bd3 Kf6 51. Bxe4 Rg8+ 52. Kf4 Rxg1 53. Bxd5
Ke7 54. h5 Rf1+ 55. Kg5 Rg1+ 56. Kf5 Rf1+ 57. Ke5 Rg1 58. Kf5 Rf1+ 1/2-1/2

[Event "Madrid ch Veteranos 2324"]
[Site "Madrid ESP"]
[Date "2024.03.11"]
[Round "1.14"]
[White "Montero Montero, Juan Jose"]
[Black "Quintero Torres, Pedro"]
[Result "0-1"]
[WhiteElo "1779"]
[BlackElo "1948"]
[PlyCount "53"]
[EventDate "2024.03.11"]
[EventType "swiss"]
[EventRounds "9"]
[EventCountry "ESP"]
[SourceTitle "Ajedrez en Madrid"]
[Source "lmi"]
[SourceDate "2024.03.11"]
[SourceVersion "1"]
[SourceVersionDate "2024.03.23"]
[SourceQuality "1"]

1. e4 c6 2. Nc3 d5 3. exd5 cxd5 4. d4 Nc6 5. Nf3 Nf6 6. Ne5 g6 7. Be3 Bg7 8.
Be2 O-O 9. h4 h5 10. g4 Nxe5 11. dxe5 Nxg4 12. Bxg4 Bxg4 13. Qxd5 Qc7 14. f4
Rfd8 15. Qg2 Rac8 16. Qf2 Qa5 17. O-O Qb4 18. Rab1 b6 19. a3 Qc4 20. Rbc1 f6
21. exf6 Bxf6 22. Bd2 Rd7 23. Be3 Rcd8 24. Kh2 Qe6 25. Rfe1 Qf5 26. a4 Kh7 27.
Qg2 0-1

[Event "Madrid ch Veteranos 2324"]
[Site "Madrid ESP"]
[Date "2024.03.11"]
[Round "1.15"]
[White "Lopez de Turiso Sanchez, Jose An"]
[Black "Fernandez Rios, Jose Francisco"]
[Result "1-0"]
[WhiteElo "1940"]
[BlackElo "1770"]
[PlyCount "62"]
[EventDate "2024.03.11"]
[EventType "swiss"]
[EventRounds "9"]
[EventCountry "ESP"]
[SourceTitle "Ajedrez en Madrid"]
[Source "lmi"]
[SourceDate "2024.03.11"]
[SourceVersion "1"]
[SourceVersionDate "2024.03.23"]
[SourceQuality "1"]

1. d4 Nf6 2. Nf3 e6 3. e3 b6 4. Bd3 Bb7 5. Nbd2 d5 6. O-O c5 7. b3 Bd6 8. Bb2
O-O 9. dxc5 bxc5 10. Ne5 Nc6 11. Ndf3 Nxe5 12. Nxe5 Qc7 13. f4 Ne4 14. Qe2 Rac8
15. c4 f6 16. Nf3 f5 17. Rac1 a5 18. Ba1 Be7 19. Ne5 Bf6 20. cxd5 exd5 21. Rf3
g5 22. Bxe4 dxe4 23. Qc4+ Kg7 24. Rff1 g4 25. Rfd1 Rfd8 26. Qe6 Rxd1+ 27. Rxd1
Rd8 28. Rxd8 Qxd8 29. Qf7+ Kh6 30. Nxg4+ fxg4 31. Qxf6+ Qxf6 1-0

[Event "Madrid ch Veteranos 2324"]
[Site "Madrid ESP"]
[Date "2024.03.11"]
[Round "1.16"]
[White "Alberdi Garcia, Carlos Alfonso"]
[Black "Alonso Abad, Enrique"]
[Result "0-1"]
[WhiteElo "1765"]
[BlackElo "1939"]
[PlyCount "120"]
[EventDate "2024.03.11"]
[EventType "swiss"]
[EventRounds "9"]
[EventCountry "ESP"]
[SourceTitle "Ajedrez en Madrid"]
[Source "lmi"]
[SourceDate "2024.03.11"]
[SourceVersion "1"]
[SourceVersionDate "2024.03.23"]
[SourceQuality "1"]

1. d4 d5 2. Nf3 Nf6 3. e3 Bf5 4. Bd3 Bxd3 5. Qxd3 c6 6. Nbd2 Nbd7 7. O-O e6 8.
c3 Bd6 9. e4 dxe4 10. Nxe4 Nxe4 11. Qxe4 Nf6 12. Qe2 h6 13. Ne5 O-O 14. f4 c5
15. Be3 Qc7 16. Qf3 Nd5 17. dxc5 Bxc5 18. Bxc5 Qxc5+ 19. Qf2 Qxf2+ 20. Rxf2
Rfd8 21. Rd1 f6 22. Nc4 Rac8 23. Rd4 b5 24. Na5 b4 25. c4 Ne3 26. Rfd2 Rxd4 27.
Rxd4 Rc5 28. Nb7 Rxc4 29. Rxc4 Nxc4 30. b3 Nb6 31. Nd8 Nd5 32. Nxe6 Nc3 33. Nd4
Nxa2 34. Kf2 Kf7 35. Ke3 Ke7 36. Nc6+ Kd6 37. Nxa7 Kc5 38. Kd3 Nc1+ 39. Kc2 Ne2
40. g3 h5 41. Nc8 h4 42. gxh4 Nxf4 43. Ne7 Ng2 44. Ng6 Kd4 45. Kd2 Ke4 46. h5
f5 47. Ne7 Ne3 48. Nc6 Nd5 49. Ke2 f4 50. Kf2 Kf5 51. Kf3 Kg5 52. Ke4 Kxh5 53.
Kf3 g5 54. h3 Kh4 55. Nd4 Kxh3 56. Ne2 g4+ 57. Kf2 g3+ 58. Kg1 f3 59. Nd4 f2+
60. Kf1 Ne3+ 0-1

[Event "Madrid ch Veteranos 2324"]
[Site "Madrid ESP"]
[Date "2024.03.11"]
[Round "1.17"]
[White "Vazquez Gonzalez, Jesus"]
[Black "Jimenez Ascarza, Jose Ignacio"]
[Result "1-0"]
[WhiteElo "1939"]
[BlackElo "1755"]
[PlyCount "69"]
[EventDate "2024.03.11"]
[EventType "swiss"]
[EventRounds "9"]
[EventCountry "ESP"]
[SourceTitle "Ajedrez en Madrid"]
[Source "lmi"]
[SourceDate "2024.03.11"]
[SourceVersion "1"]
[SourceVersionDate "2024.03.23"]
[SourceQuality "1"]

1. e4 c5 2. Bd3 Nc6 3. c3 e5 4. Nf3 Nf6 5. O-O Be7 6. Bc2 O-O 7. d3 d6 8. h3 h6
9. Re1 Be6 10. Nbd2 b5 11. Nf1 Qc7 12. Qe2 Rab8 13. Ng3 b4 14. c4 Nd4 15. Nxd4
cxd4 16. f4 Qc5 17. Kh2 Kh7 18. f5 Bd7 19. b3 Rg8 20. Rf1 Bc6 21. Rf2 a5 22. a4
Ba8 23. Bd2 Rbc8 24. Raf1 Bb7 25. Bc1 Ba8 26. Nh5 Rc7 27. Nxf6+ Bxf6 28. Qh5
Bc6 29. g4 Bd8 30. g5 Be8 31. f6 d5 32. fxg7 Qd6 33. Rf6 Bxf6 34. Rxf6 Qe7 35.
Qxh6# 1-0

[Event "Madrid ch Veteranos 2324"]
[Site "Madrid ESP"]
[Date "2024.03.11"]
[Round "1.18"]
[White "Lopez Orellana, Federico"]
[Black "Martin Martin, Luis Vicente"]
[Result "0-1"]
[WhiteElo "1752"]
[BlackElo "1938"]
[PlyCount "68"]
[EventDate "2024.03.11"]
[EventType "swiss"]
[EventRounds "9"]
[EventCountry "ESP"]
[SourceTitle "Ajedrez en Madrid"]
[Source "lmi"]
[SourceDate "2024.03.11"]
[SourceVersion "1"]
[SourceVersionDate "2024.03.23"]
[SourceQuality "1"]

1. d4 d5 2. Nf3 Nf6 3. e3 Bf5 4. Bd3 e6 5. c4 Bxd3 6. Qxd3 c6 7. Nbd2 Nbd7 8.
O-O Be7 9. Ne5 O-O 10. f4 c5 11. b3 cxd4 12. exd4 Qa5 13. c5 Qc7 14. Nxd7 Nxd7
15. Nf3 Bf6 16. Ne5 g6 17. Be3 Bg7 18. Rac1 Nf6 19. b4 a6 20. a4 Ne4 21. Qc2
Rfc8 22. Qb3 b6 23. cxb6 Qxb6 24. Nd7 Qd6 25. Rxc8+ Rxc8 26. Nc5 Rb8 27. Rc1 h5
28. b5 axb5 29. axb5 Qb6 30. Nxe4 dxe4 31. d5 Bd4 32. Bxd4 Qxd4+ 33. Kh1 exd5
34. Rd1 Rxb5 0-1

[Event "Madrid ch Veteranos 2324"]
[Site "Madrid ESP"]
[Date "2024.03.11"]
[Round "1.19"]
[White "Lorenzo Bailador, Alfredo"]
[Black "Garcia Santiago, Juan Carlos"]
[Result "1-0"]
[WhiteElo "1935"]
[BlackElo "1739"]
[PlyCount "55"]
[EventDate "2024.03.11"]
[EventType "swiss"]
[EventRounds "9"]
[EventCountry "ESP"]
[SourceTitle "Ajedrez en Madrid"]
[Source "lmi"]
[SourceDate "2024.03.11"]
[SourceVersion "1"]
[SourceVersionDate "2024.03.23"]
[SourceQuality "1"]

1. e4 e5 2. Nf3 Nc6 3. d4 exd4 4. Bc4 Nf6 5. e5 d5 6. Bb5 Ne4 7. Nxd4 Bd7 8.
Bxc6 bxc6 9. O-O g6 10. f3 Nc5 11. Be3 Ne6 12. c3 Bc5 13. Qd2 O-O 14. b4 Bb6
15. Nb3 f6 16. exf6 Qxf6 17. a4 Rae8 18. Kh1 Ng7 19. Bh6 Rf7 20. a5 Nf5 21.
axb6 Qh4 22. Bg5 Qc4 23. Re1 Rxe1+ 24. Qxe1 h6 25. bxa7 hxg5 26. a8=Q+ Kg7 27.
Qe5+ Rf6 28. N1d2 1-0

[Event "Madrid ch Veteranos 2324"]
[Site "Madrid ESP"]
[Date "2024.03.11"]
[Round "1.21"]
[White "Ruiz Bellon, Manuel"]
[Black "Jimenez Manzano, Emiliano"]
[Result "1-0"]
[WhiteElo "1932"]
[BlackElo "1732"]
[PlyCount "85"]
[EventDate "2024.03.11"]
[EventType "swiss"]
[EventRounds "9"]
[EventCountry "ESP"]
[SourceTitle "Ajedrez en Madrid"]
[Source "lmi"]
[SourceDate "2024.03.11"]
[SourceVersion "1"]
[SourceVersionDate "2024.03.23"]
[SourceQuality "1"]

1. e4 e5 2. Nf3 d6 3. c3 f5 4. d3 Nf6 5. Be2 fxe4 6. dxe4 Bg4 7. Bg5 h6 8. Be3
Be7 9. Nbd2 Nc6 10. h3 Bh5 11. O-O Qd7 12. Nh4 Bf7 13. Nf5 g6 14. Nxh6 Be6 15.
Ng4 O-O-O 16. Nxf6 Bxf6 17. Bg4 Bxg4 18. Qxg4 Qxg4 19. hxg4 Rh4 20. g5 Be7 21.
g3 Rh5 22. Nf3 d5 23. exd5 Rxd5 24. Rad1 Ra5 25. b4 Rxa2 26. b5 e4 27. Nd2 Ne5
28. Nxe4 Nc4 29. Bf4 Na3 30. Rd5 Rb2 31. Re5 Rh7 32. Re6 Rxb5 33. Rxg6 b6 34.
Rd1 Nc4 35. Rg8+ Kb7 36. g6 Rh3 37. Rd7 Bd6 38. Bxd6 Nxd6 39. Nxd6+ Kc6 40.
Nxb5 Kxd7 41. Nxa7 Rh6 42. Rg7+ Kd6 43. Nb5+ 1-0

[Event "Madrid ch Veteranos 2324"]
[Site "Madrid ESP"]
[Date "2024.03.11"]
[Round "1.22"]
[White "Martinez Pintor, Juan"]
[Black "Marin Aso, Jose Luis"]
[Result "1-0"]
[WhiteElo "1728"]
[BlackElo "1929"]
[PlyCount "71"]
[EventDate "2024.03.11"]
[EventType "swiss"]
[EventRounds "9"]
[EventCountry "ESP"]
[SourceTitle "Ajedrez en Madrid"]
[Source "lmi"]
[SourceDate "2024.03.11"]
[SourceVersion "1"]
[SourceVersionDate "2024.03.23"]
[SourceQuality "1"]

1. d4 Nf6 2. c4 g6 3. Nc3 Bg7 4. e4 d6 5. f3 O-O 6. Be3 c5 7. dxc5 dxc5 8. Qxd8
Rxd8 9. Bxc5 Nc6 10. Nd5 Nd7 11. Nxe7+ Kh8 12. Nxc6 bxc6 13. Ba3 Rb8 14. Rb1
Ne5 15. b3 f5 16. f4 Ng4 17. e5 Rd4 18. g3 Ba6 19. Bd6 Re8 20. Ne2 Rd3 21. Rc1
g5 22. Rc3 Rxc3 23. Nxc3 gxf4 24. gxf4 Nf6 25. Bh3 Nh5 26. Ne2 Bh6 27. Rf1 Bc8
28. Kd2 Bd7 29. Ke3 Rg8 30. Nd4 a5 31. Bxf5 Bxf5 32. Nxf5 Bxf4+ 33. Rxf4 Nxf4
34. Kxf4 Rg1 35. e6 Kg8 36. Ne7+ 1-0